000 00481nam a2200205Ia 4500
003 GCL
008 140319s9999 xx 000 0 eng d
040 _aGCL /
_cGCL
082 0 4 _aCC
_b916.204
_bS V
100 1 _aIFAO
245 1 0 _aVOYAGE EN EGYPTE 1631 /
_cIFAO
700 1 _aSTOCHOVE, VINCENT
700 1 _aFERMANEL, GILLES
260 _a[S.N] :
_bIFAO ،
_c1975
300 _a153 P
650 0 4 _aEGYPT
650 0 4 _aTRAVELS
650 0 4 _aCOLLECTIONS
942 _2ddc
_cBK
999 _c17540
_d17540